Úlohou novely bude zmeniť postavenie veriteľov

Z panelovej diskusie na tému Úloha konkurzu a vyrovnania v trhovom hospodárstve, ktorá sa konala 14. 5. 1997 v Bratislave. Problémy uplatňovania konkurzov a vyrovnaní vo Veľkej Británii a na Slovensku. Konkrétne skúsenosti zo slovenskej praxe.

Gespeichert in:
Bibliographische Detailangaben
1. Verfasser: Corke, R.
Weitere Verfasser: Hornan, L., Valach, Ľ.
Format: Buchkapitel
Sprache:Slowakisch
Schlagworte:
Tags: Tag hinzufügen
Keine Tags, Fügen Sie das erste Tag hinzu!

MARC

LEADER 00000naa a2200000 4500
001 r026246
005 20230824090317.2
041 0 |a slo 
044 |a SK 
245 1 0 |a Úlohou novely bude zmeniť postavenie veriteľov  |c R. Corke, L. Hornan, Ľ. Valach 
520 |a Z panelovej diskusie na tému Úloha konkurzu a vyrovnania v trhovom hospodárstve, ktorá sa konala 14. 5. 1997 v Bratislave. Problémy uplatňovania konkurzov a vyrovnaní vo Veľkej Británii a na Slovensku. Konkrétne skúsenosti zo slovenskej praxe. 
610 2 0 |a Veľká Británia 
610 2 0 |a Slovensko 
610 2 0 |a máj 
610 2 0 |a 1997 
610 2 0 |a diskusia 
610 2 0 |a konkurzy 
610 2 0 |a vyrovnanie 
610 2 0 |a hospodárstvo trhové 
100 1 |a Corke, R. 
700 1 |a Hornan, L. 
700 1 |a Valach, Ľ.